Grootste steden van Noorwegen op de kaart - Statistieken

Algemene statistieken
  • Deze quiz is 193 keer genomen
  • De gemiddelde score is 6 van 16
Antwoorden op de kaart
Antwoorden kleurgecodeerd door een groen-rode schaal op de quizkaart volgens % correct hieronder.
 
Antwoordstatistieken
Bevolkingsaantal Stad % Correct
1,000,467 Oslo
100%
255,464 Bergen
91%
222,697 Stavanger / Sandnes
59%
183,378 Trondheim
59%
39,762 Tromsø
48%
63,441 Kristiansand
40%
41,215 Bodø
35%
52,625 Ålesund
32%
117,510 Drammen
22%
112,464 Fredrikstad / Sarpsborg
19%
44,873 Haugesund
13%
44,046 Sandefjord
13%
93,065 Skien / Porsgrunn
11%
43,396 Arendal
10%
47,008 Moss
9%
51,887 Tønsberg
8%
Geen overeenkomende quizzen gevonden
Scoreverdeling
Procent van Mensen met Elke Score
Percentiel versus Aantal Correcte Antwoorden
Uw Scoregeschiedenis
U heeft deze quiz nog niet genomen